000 00291 a2200145 4500
001 180614
020 _a
040 _cMagnum
100 _aBuss, Alcides
240 1 0 _aA poesia do abc
_lpor
245 1 0 _aA poesia do abc
362 0 _a1899
697 _aMAGNITO: IJ/POESIA
942 _cBK
999 _c180614
_d180614